[Event "FRA-ch U16"]
[Site "Vichy"]
[Date "2025.05.03"]
[Round "8"]
[White "Stoll, Lucia"]
[Black "Poghosyan, Alen"]
[Result "1-0"]
[WhiteElo "2100"]
[BlackElo "2230"]
[PlyCount "69"]
[EventDate "2025.04.27"]
[EventType "swiss"]
[EventRounds "9"]
[EventCountry "FRA"]
[SourceTitle "CB19_2025"]
[SourceDate "2025.05.07"]
[SourceVersion "1"]
[SourceVersionDate "2025.05.07"]
[SourceQuality "1"]

1. e4 c5 2. Nf3 Nc6 3. d4 cxd4 4. Nxd4 g6 5. c4 Bg7 6. Be3 Nf6 7. Nc3 0-0 8. Be2 d6 9. h3 Bd7 10. 0-0 Nxd4 11. Bxd4 Bc6 12. Qc2 a6 13. b4 Rc8 14. Qd3 b5 15. cxb5 axb5 16. a4 e5 17. Be3 d5 18. axb5 Bb7 19. Bc5 d4 20. Ra7 Ba8 21. Rd1 Re8 22. f3 dxc3 23. Qxc3 Nxe4 24. fxe4 Qh4 25. Qb3 Re6 26. Bg4 Rce8 27. Bxe6 fxe6 28. Qf3 Kh8 29. Qf7 Rg8 30. Qxg8+ Kxg8 31. Rxa8+ Bf8 32. Rxf8+ Kg7 33. Rd7+ Kh6 34. Be3+ g5 35. Rf6+ 1-0